LIBRARY & INFORMATION CENTRE, KCAET, TAVANUR

ONLINE PUBLIC ACCESS CATALOGUE (OPAC)

Normal view MARC view
  • Reddy S.R.

Entry Personal Name

Number of records used in: 1

001 - CONTROL NUMBER

  • control field: 1423

003 - CONTROL NUMBER IDENTIFIER

  • control field: OSt

005 - DATE AND TIME OF LATEST TRANSACTION

  • control field: 20160903114130.0

008 - FIXED-LENGTH DATA ELEMENTS

  • fixed length control field: 160903|| aca||aabn | a|a d

040 ## - CATALOGING SOURCE

  • Original cataloging agency: OSt
  • Transcribing agency: OSt

100 ## - HEADING--PERSONAL NAME

  • Personal name: Reddy S.R.

670 ## - SOURCE DATA FOUND

  • Source citation: Work cat.: (OSt): Reddy S.R., Principles of Agronomy, 2007
free website counter